| 000 | 00433nam a2200181Ia 4500 | ||
|---|---|---|---|
| 001 | 19747 | ||
| 005 | 20260306172715.0 | ||
| 008 | 260306t2005||||xx |||||||||||||| ||spa|| | ||
| 041 | _aESP | ||
| 082 |
_a341 _bR14 |
||
| 100 |
_aRadbruch, Gustav _eAUT |
||
| 245 | 0 | _aIntroducción a la filosofía del derecho | |
| 260 | _c2005 | ||
| 300 |
_a192 páginas : _c17 cm. |
||
| 650 | _aGEN | ||
| 654 | _aCDE | ||
| 942 |
_cLIB _dJUS _fJUS _2ddc _n |
||
| 999 |
_c19747 _d19747 |
||